<?xml version="1.0" encoding="UTF-8"?>
<record
    xmlns:xsi="http://www.w3.org/2001/XMLSchema-instance"
    xsi:schemaLocation="http://www.loc.gov/MARC21/slim http://www.loc.gov/standards/marcxml/schema/MARC21slim.xsd"
    xmlns="http://www.loc.gov/MARC21/slim">

  <leader>02388agaaa2200325   4500</leader>
  <controlfield tag="001">8494</controlfield>
  <controlfield tag="003">IT-RoPAU</controlfield>
  <controlfield tag="005">20220918181243.0</controlfield>
  <controlfield tag="007">d cvaizq</controlfield>
  <controlfield tag="008">50131s9999||||xx ||| |     ||   ||und||</controlfield>
  <datafield tag="040" ind1=" " ind2=" ">
    <subfield code="a">IT-RoPAU</subfield>
    <subfield code="c">IT-RoPAU</subfield>
  </datafield>
  <datafield tag="041" ind1=" " ind2=" ">
    <subfield code="a">ITALIANO</subfield>
  </datafield>
  <datafield tag="100" ind1=" " ind2=" ">
    <subfield code="a">Tarkovskij Andrej</subfield>
    <subfield code="g">Codice regista SPICS: 1652</subfield>
    <subfield code="9">46198</subfield>
  </datafield>
  <datafield tag="130" ind1=" " ind2=" ">
    <subfield code="a">ANDREJ RUBLEV</subfield>
    <subfield code="9">46199</subfield>
  </datafield>
  <datafield tag="245" ind1=" " ind2=" ">
    <subfield code="a">ANDREJ RUBLEV</subfield>
    <subfield code="c">Sceneggiatura: Mikhalkov Koncialovski Andrej Tarkovskij Andrej -- Diretto da: Tarkovskij Andrej</subfield>
    <subfield code="p">ANDREJ RUBLEV (Rif. Codice opera principale : H8494)</subfield>
  </datafield>
  <datafield tag="250" ind1=" " ind2=" ">
    <subfield code="a">Edizione Standard</subfield>
  </datafield>
  <datafield tag="260" ind1=" " ind2=" ">
    <subfield code="a">(URSS)</subfield>
    <subfield code="b">MOSFILM / Distribuzione: MULTIMEDIA SAN PAOLO</subfield>
    <subfield code="g">"1969 (1&#xB0; ed.: 2008 ; Ed. Lingua Orig.: 1969)"</subfield>
  </datafield>
  <datafield tag="300" ind1=" " ind2=" ">
    <subfield code="a">DVD</subfield>
    <subfield code="b">sonoro, col.</subfield>
    <subfield code="c">185 minuti</subfield>
  </datafield>
  <datafield tag="508" ind1=" " ind2=" ">
    <subfield code="a">"Fotografia: Jusov Vadim; Montaggio: Tarkovskij A. Fejgin; Musica: Ovcinnikov Viaceslav; Sceneggiatura: Mikhalkov Koncialovski Andrej Tarkovskij Andrej; Scenografia: Cernjaev Evgenij; Soggetto: Mikhalkov Koncialovski Andrej -- Tarkovskij Andrej"</subfield>
  </datafield>
  <datafield tag="511" ind1=" " ind2=" ">
    <subfield code="a">"Solonitsyn Anatoli; Lapikov Ivan; Grinko Nikolaj; Sergeyevv Nikolaj; Burliaev Nikola"</subfield>
  </datafield>
  <datafield tag="520" ind1=" " ind2=" ">
    <subfield code="a">"IL FILM RACCONTA LE TAPPE DELLA CRISI E DELL'EVOLUZIONE ARTISTICA DI ANDREJ RUBLEV, UNO DEI MAGGIORI DECORATORI DI ICONE DEL QUATTROCENTO, ALLA LUCE DELL'EVOLVERSI DELLA SITUAZIONE STORICA RUSSA. RUBLEV, INORRIDITO DALLA FEROCIA DELLA GUERRA DECIDE DI RINUNCIARE ALLA SUA ARTE E, NONOSTANTE IL SUO MAESTRO TEOFANE IL GRECO TENTI DI DISSUADERLO, RUBLEV TERRA' DURO PER QUATTORDICI ANNI. SOLO QUANDO VEDRA' UN GIOVANE FONDERE MIRACOLOSAMENTE UNA CAMPANA CAPIRA' CHE E' GIUNTO IL MOMENTO DI PORRE FINE AL SUO SILENZIO E DI DAREUN NUOVO SENSO ALLA SUA ARTE. EPILOGO A COLORI: 10 MINUTI DI DOCUMENTARIO SULLA PITTURA DI RUBLEV. CONTENUTI EXTRA: IL REGISTA SUL SET; PROLOGO STORICO; MUSEO ANDREJ RUBLEV; LE CAMPANE; GLI AFFRESCHI; BIOGRAFIA R FILMOGRAFIADEL REGISTA."</subfield>
  </datafield>
  <datafield tag="538" ind1=" " ind2=" ">
    <subfield code="a">PAL, STEREO</subfield>
  </datafield>
  <datafield tag="546" ind1=" " ind2=" ">
    <subfield code="a">ITALIANO</subfield>
  </datafield>
  <datafield tag="650" ind1=" " ind2=" ">
    <subfield code="a">DRAMMATICO</subfield>
    <subfield code="e">DVD-FILM [DVD]</subfield>
    <subfield code="x">Codice MATERIA SPICS: 9947</subfield>
    <subfield code="9">46200</subfield>
  </datafield>
  <datafield tag="700" ind1=" " ind2=" ">
    <subfield code="a">Mikhalkov Koncialovski Andrej </subfield>
    <subfield code="e">(soggetto)</subfield>
    <subfield code="g">Codice Soggetto SPICS: 59396</subfield>
    <subfield code="9">46201</subfield>
  </datafield>
  <datafield tag="700" ind1=" " ind2=" ">
    <subfield code="a">Ovcinnikov Viaceslav</subfield>
    <subfield code="e">(musica)</subfield>
    <subfield code="g">Codice Musica SPICS: 26929</subfield>
    <subfield code="9">46202</subfield>
  </datafield>
  <datafield tag="700" ind1=" " ind2=" ">
    <subfield code="a">Tarkovskij Andrej </subfield>
    <subfield code="e">(regista)</subfield>
    <subfield code="g">Codice regista SPICS: 1652</subfield>
    <subfield code="9">46203</subfield>
  </datafield>
  <datafield tag="700" ind1=" " ind2=" ">
    <subfield code="a">Tarkovskij Andrej </subfield>
    <subfield code="e">(soggetto)</subfield>
    <subfield code="g">Codice Soggetto 2&#xB0; SPICS: 1652</subfield>
    <subfield code="9">46204</subfield>
  </datafield>
  <datafield tag="942" ind1=" " ind2=" ">
    <subfield code="c">DV</subfield>
    <subfield code="2">ddc</subfield>
  </datafield>
  <datafield tag="999" ind1=" " ind2=" ">
    <subfield code="c">106310</subfield>
    <subfield code="d">106310</subfield>
  </datafield>
  <datafield tag="952" ind1=" " ind2=" ">
    <subfield code="0">0</subfield>
    <subfield code="1">0</subfield>
    <subfield code="4">0</subfield>
    <subfield code="6">H_8494_000000000000000</subfield>
    <subfield code="7">1</subfield>
    <subfield code="a">SPICS</subfield>
    <subfield code="b">SPICS</subfield>
    <subfield code="d">2015-01-31</subfield>
    <subfield code="l">0</subfield>
    <subfield code="o">H8494</subfield>
    <subfield code="r">2015-01-31 00:00:00</subfield>
    <subfield code="w">2015-01-31</subfield>
    <subfield code="y">DV</subfield>
    <subfield code="z">Progr. Ins.: 3759 / N.Vol.:1 / Copie: 1 / Pag.:0 / Copia rara: n.d. / date import: 1.2.2015 / By Epidotti, Trombetti, Vaglietti</subfield>
  </datafield>
</record>
